Normal view
MARC view
Entry Personal Name
001 - CONTROL NUMBER
- control field: 537472
003 - CONTROL NUMBER IDENTIFIER
- control field: OSt
005 - DATE AND TIME OF LATEST TRANSACTION
- control field: 20220930075823.0
008 - FIXED-LENGTH DATA ELEMENTS
- fixed length control field: 220930|| aca||aabn | a|a d
040 ## - CATALOGING SOURCE
- Original cataloging agency: OSt
- Transcribing agency: OSt
100 ## - HEADING--PERSONAL NAME
- Personal name: Gupta Pratyush
670 ## - SOURCE DATA FOUND
- Source citation: Work cat.: (OSt)868853: Gupta Pratyush, To evaluate and compare the efficacy between laryngeal mask airway (Classic as well as proseal) and the endotracheal tube in patients undergoing diagnostic gynaecologic laproscopic surgery, 2006
